Viaje al Egipto milenario: Chateaubriand - Flaubert - Forbin - Fromentin - Chevrillon - Condesa de Gasparin - Loti Marcellus - Michaud - Nerval - Potocki - Savary - Schuré - Vogüé - Volney
Պահպանված է:
| Հիմնական հեղինակ: | |
|---|---|
| Ձևաչափ: | Գիրք |
| Լեզու: | իսպաներեն |
| Հրապարակվել է: |
Barcelona
Ediciones Abraxas
2000
|
| Հրատարակություն: | 1a. ed |
| Խորագրեր: | |
| Ցուցիչներ: |
Ավելացրեք ցուցիչ
Չկան պիտակներ, Եղեք առաջինը, ով նշում է այս գրառումը!
|
MARC
| LEADER | 00000cam a2200000 a 4500 | ||
|---|---|---|---|
| 001 | UCE8604 | ||
| 003 | CL-VaPUC | ||
| 008 | 150820e20000000sp |||||||||||||||||spa|d | ||
| 020 | |a 8489832927 | ||
| 082 | 0 | 4 | |a 910.4 |b GRO |2 21 |
| 100 | 0 | |a Groh, Jordi |e author |9 581318 | |
| 245 | 1 | 0 | |a Viaje al Egipto milenario: Chateaubriand - Flaubert - Forbin - Fromentin - Chevrillon - Condesa de Gasparin - Loti Marcellus - Michaud - Nerval - Potocki - Savary - Schuré - Vogüé - Volney |
| 250 | |a 1a. ed | ||
| 300 | |a 214 p | ||
| 942 | |c BK | ||
| 945 | |d 20150820 22:36:00 |a dcastane | ||
| 260 | |a Barcelona |b Ediciones Abraxas |c 2000 | ||
| 650 | 0 | |a Viajes y expediciones |9 408124 | |
| 650 | 0 | |a Arqueología |9 265619 | |
| 651 | 0 | |a Egipto |9 268199 | |
| 583 | |a last modification |c 20150820 22:36:00 |k Rodrigo Vera | ||
| 999 | |c 360402 |d 360400 | ||
| 952 | |0 0 |1 0 |3 erb |4 0 |6 910_400000000000000_GRO_2000 |7 0 |8 X |9 470196 |a FDOBUD |b FDOBUD |e Rojas Zúñiga, Herman, -2014 |i 516978K |o 910.4 GRO 2000 |p 516978K |r 2019-11-23 |w 2019-11-23 |y BK_X |z Catalogado en:20150820 |k BUD | ||